| 000 | 00441nam a2200181Ia 4500 | ||
|---|---|---|---|
| 003 | GCL | ||
| 008 | 140319s9999 xx 000 0 eng d | ||
| 040 |
_aGCL / _cGCL |
||
| 082 | 0 | 4 |
_a759 _bR T |
| 100 | 1 | _aREYNOLDS, GRAHAM | |
| 245 | 1 | 0 |
_aTURNER / _cREYNOLDS, GRAHAM |
| 260 |
_a[S.N] : _bTHAMES AND HUDSON ، _c1994 |
||
| 300 | _a216 | ||
| 650 | 0 | 4 | _aARTS |
| 650 | 0 | 4 | _aPAINTERS |
| 650 | 0 | 4 | _aTURNER, JOSEPH MALL WILLAM |
| 942 |
_2ddc _cBK |
||
| 999 |
_c18810 _d18810 |
||